000
00211 a2200097 4500
001
1168
100
_a
Smith, P.S
245
_a
Problems in electrical engineering
260
_a
_b
Constable
_c
090
_c
730
_d
730
942
_a
NUST-CAE
_c
M
_c
33934
999
_c
236241
_d
236241